00850nam a2200205 a 450000100100000000500170001000800410002702000150006804000250008308200150010810000330012324500710015625000110022726000320023830000210027050400740029159000760036595201860044199900170062700003533120200930074249.0111027s1973 sp 000 0 spa d a8434406659 aDO-SdBNPbspacBNPHU axxxxbxxxx1 aMalinowski, Bronislaw96111010aCrimen y costumbre en la sociedad salvaje /cBronislaw Malinowski. a4a ed. aBarcelona, :bAriel,c1973. a156 p. ;c18 cm. aInccluye referencias bibliográficas y notas al pie de las páginas aPerteneció a la biblioteca personal de Juan Isidro Jimenes Grullón. 001050718MOaGRbGRcHDd2011-10-27iLF1l0oxxxx xxxxp35331-10r2020-06-25w2020-06-25y1zPerteneció a la biblioteca personal de Juan Isidro Jimenes Grullón.ZNo se presta c34822d34822